Nombra los Pokémon IV Gen - Estadísticas

Estadísticas generales
  • Esta prueba ha sido intentada 177 veces
  • La puntuación promedio es 76 de 109
Estadísticas de respuestas
Tipo Pokémon % Correcto
390 Fuego Chimchar
100%
392 Fuego/Lucha Infernape
99%
393 Agua Piplup
99%
389 Planta/Tierra Torterra
99%
398 Normal/Volado Staraptor
98%
395 Agua/Acero Empoleon
97%
391 Fuego/Lucha Monferno
97%
396 Normal/Volador Starly
97%
397 Normal/Volado Staravia
95%
387 Planta Turtwig
95%
394 Agua Prinplup
93%
399 Normal Bidoof
91%
483 Acero/Dragon Dialga
91%
484 Agua/Dragon Palkia
91%
487 Fantasma/Dragon Giratina
88%
388 Planta Grotle
88%
405 Eléctrico Luxray
88%
403 Eléctrico Shinx
88%
400 Normal/Agua Bibarel
87%
491 Siniestro Darkrai
87%
445 Dragon/Tierra Garchomp
87%
404 Eléctrico Luxio
86%
444 Dragon/Tierra Gabite
85%
488 Psíquico Cresselia
84%
478 Hielo/Fantasma Froslass
84%
443 Dragon/Tierra Gible
84%
407 Planta/Veneno Roserade
84%
493 Normal Arceus
83%
466 Eléctrico Electivire
83%
467 Fuego Magmortar
83%
480 Psíquico Uxie
83%
460 Planta/Hielo Abomasnow
81%
482 Psíquico Azelf
81%
481 Psíquico Mesprit
81%
406 Planta/Veneno Budew
79%
490 Agua Manaphy
79%
485 Fuego/Acero Heatran
78%
408 Roca Cranidos
77%
448 Lucha/Acero Lucario
77%
479 Eléctrico/Fantasma Rotom
77%
468 Hada/Volador Togekiss
77%
402 Bicho Kricketune
76%
489 Agua Phione
76%
492 Planta Shaymin
76%
418 Agua Buizel
74%
453 Veneno/Lucha Croagunk
74%
409 Roca Rampardos
74%
447 Lucha Riolu
74%
454 Veneno/Lucha Toxicroak
74%
419 Agua Floatzel
73%
462 Eléctrico/Acero Magnezone
72%
473 Hielo/Tierra Mamoswine
72%
459 Planta/Hielo Snover
72%
461 Siniestro/Hielo Weavile
71%
475 Psíquico/Lucha Gallade
70%
401 Bicho Kricketot
70%
411 Roca/Acero Bastiodon
69%
472 Tierra/Volador Gliscor
69%
423 Agua/Tierra Gastrodon
67%
430 Siniestro/Volador Honchkrow
67%
486 Normal Regigigas
67%
464 Tierra/Roca Rhyperior
67%
442 Fantasma/Sinietro Spiritomb
67%
429 Fantasma Mismagius
66%
413 Bicho/Acero | Bicho/Planta | Bicho/Tierra Wormadam
66%
452 Veneno/Siniestro Drapion
65%
412 Bicho Burmy
64%
422 Agua Shellos
64%
449 Tierra Hippopotas
63%
417 Eléctrico Pachirisu
63%
451 Veneno/Bicho Skorupi
63%
436 Acero/Psíquico Bronzor
62%
471 Hielo Glaceon
62%
470 Planta Leafeon
62%
410 Roca/Acero Shieldon
62%
450 Tierra Hippowdon
59%
469 Bicho/Volador Yanmega
59%
437 Acero/Psíquico Bronzong
58%
415 Bicho/Volador Combee
58%
426 Fantasma/Volador Drifblim
58%
425 Fantasma/Volador Drifloon
58%
434 Veneno/Siniestro Stunky
57%
416 Bicho/Volador Vespiquen
57%
435 Veneno/Siniestro Skuntank
56%
477 Fantasma Dusknoir
52%
414 Bicho/Volador Mothim
52%
465 Planta Tangrowth
51%
427 Normal Buneary
50%
420 Planta Cherubi
50%
431 Normal Glameow
49%
428 Normal Lopunny
49%
457 Agua Lumineon
49%
455 Planta Carnivine
48%
421 Planta Cherrim
48%
456 Agua Finneon
48%
463 Normal Lickilicky
48%
432 Normal Purugly
48%
438 Roca Bonsly
47%
446 Normal Munchlax
47%
433 Psíquico Chingling
45%
458 Agua/Volador Mantyke
45%
439 Psíquico Mime Jr.
43%
476 Roca/Acero Probopass
42%
440 Normal Happiny
41%
424 Normal Ambipom
40%
474 Normal Porygon-Z
38%
441 Normal/Volador Chatot
37%
No se encontraron pruebas coincidentes
Distribución de puntuación
Porcentaje de gente con cada puntuación
Porcentaje por número respondido
Historial de tus puntuaciones
No has intentado esta prueba.